catalogue of the eggs of some Canadian Noctuidae(Lepidoptera). (Record no. 44964)

MARC details
000 -LEADER
fixed length control field 00349nam a2200121Ia 4500
082 ## - DEWEY DECIMAL CLASSIFICATION NUMBER
Classification number 595.78(71)
Item number SAL;1
100 ## - MAIN ENTRY--AUTHOR NAME
Personal name SALKELD, E H
245 #0 - TITLE STATEMENT
Title catalogue of the eggs of some Canadian Noctuidae(Lepidoptera).
260 ## - PUBLICATION, DISTRIBUTION, ETC. (IMPRINT)
Place of publication Ottawa
Name of publisher Entomological Society
Year of publication 1984
650 ## - SUBJECT ADDED ENTRY--TOPICAL TERM
Topical Term Lepidoptera
942 ## - ADDED ENTRY ELEMENTS (KOHA)
Koha item type Books
Holdings
Withdrawn status Lost status Damaged status Not for loan Collection code Home library Current library Date acquired Full call number Accession Number Koha item type
        Journal register RRII Library RRII Library 16/12/2021 595.78(71) SAL;1 J11135 Books